000 00532nam a2200229Ia 4500
003 OSt
005 20220924142841.0
006 a|||||r|||| 00| 0
007 ta
008 ASM
024 _a303531
037 _cTextual
040 _aARTS
_cARTS
_bASM
041 _2ASM
_aASM
082 _aO158,1NBARx, L7
100 _aBharua
_9214175
245 0 _aSonali - jahaj
260 _c1977
650 _aASSAMESE LITERATURE
_911738
942 _hO158,1NBARx, L7
_cTEXL
_2CC
999 _c452179
_d452179